000 00528nam a2200181 i 4500
001 97690
003 ES-MaACL
005 20230906182138.0
007 t|
008 050715s1971 sp ||||1| spa d
100 1 _aMariel, Pierre.
_976718
245 1 0 _aHijos o hijas a voluntad /
_cPierre Mariel y Pierre Neuville.
250 _a[1ª ed.].
260 _aBarcelona :
_bBruguera,
_c1971.
300 _a252 p., 2 h. con 2 lám. :
_bil. ;
_c21 cm.
700 1 _aNeuville, Pierre.
_985462
852 _aES-MaACL
_jC-45186
_bR.77019
999 _c97690
_d97690